000 00609cam a2200217ua 4500
005 20210405125719.0
008 190903n ii |||gr||||Z||||||asm
020 _a9789382587354
040 _cMAIN
_aIN-DiNC
041 _dasm
082 _a491.451
_bHAK
100 _aHakacham, Upen Rabha
_eauthor
245 _aLokabhasar prakriti bichar/
_cBy Upen Rabha Hakacham
250 _a1st ed.
260 _aGuwahati:
_bBishal prakashan,
_c2015.
300 _a313p.
650 _aFolk language of Assam
653 _aEast Indo-European & Celtic languages
653 _aFolkspeech of Assam
942 _cBK
_2ddc
999 _c10043
_d10043